| 000 | 00580nam a2200181 a 4500 | ||
|---|---|---|---|
| 005 | 20250116063827.0 | ||
| 008 | 991125s1950 gin 000 0 eng u | ||
| 035 | _aUPN01000008644 | ||
| 049 | _aCG | ||
| 050 | 4 |
_aL10 _bI69 no.125 |
|
| 111 | 2 |
_aInternational Conference on Public Education _n(13a : _d1950 : _cGeneva, Suiza) |
|
| 245 | 1 | 0 |
_aCollected recommendations : _b1934-1950. |
| 260 |
_aGeneva : _bInternational Bureau of Education, _c1950. |
||
| 300 | _a90 p. | ||
| 440 | 0 |
_aBureau International d'Education. _pPublication ; _v125 |
|
| 650 | 4 |
_aEducación _9682 |
|
| 905 | _aLibro | ||
| 999 |
_c8644 _d8644 |
||